| 000 | 00520nam a22001817a 4500 | ||
|---|---|---|---|
| 999 |
_c7155 _d7155 |
||
| 003 | Ost | ||
| 005 | 20190421214920.0 | ||
| 008 | 190421b ||||| |||| 00| 0 eng d | ||
| 020 | _a9788177001006 | ||
| 040 | _cBT-PhCST | ||
| 050 | _a22167-22171 | ||
| 082 |
_222 _a621.38119 _bSAW |
||
| 100 | _aSawhney, A K. | ||
| 245 | _aA course in electrical and electronic measurements and instrumentation / | ||
| 260 |
_aNew Delhi : _bDhanpat Rai & Co (P) Ltd., _cc2018. |
||
| 300 |
_a1318 p. : _bill. ; _c26.5 cm. |
||
| 942 |
_2ddc _cEE |
||